000 02103cam a2200361 i 4500
001 768714001
003 CO-MdFUSB
005 20220531120351.0
007 ta
008 021024t2003 mnu b 001 0 eng
020 _a0800696042
040 _aDLC
_cCO-MdFUSB
_dPLT
_dC#P
_dMUQ
_dBAKER
_dBTCTA
_dLMR
_dYDXCP
_dIG#
_dUBA
_dGEBAY
_dBDX
_dEUM
_dOCLCO
_dXPQ
_dUtOrBLW
_bspa
_erda
041 1 _aeng
_hger
082 _223
_a223.807
_bL833
100 1 _aLohfink, Norbert.
_eautor
240 1 0 _aKohelet.
245 1 0 _aQoheleth
_c/ Norbert Lohfink ; traducido por Sean McEvenue.
264 1 _aMinneapolis, MN :
_bFortress Press,
_c[2003]
264 4 _c© 2003
300 _a158 páginas :
_c25 cm.
336 _2rdacontent
_atexto
_btxt
337 _2rdamedia
_asin mediación
_bn
338 _2rdacarrier
_avolumen
_bnc
490 _aA Continental Commentary
504 _aIncluye referencias bibliográficas (p. 145-150) e índice.
505 _aIntroducción. Estudio de los contenidos -- Historia de la interpretación -- Era y circunstancias de la escritura -- Un modelo de enculturación -- Forma lingüística -- Estructura -- El contenido israelita -- Autoría -- El libro y el canon -- Género literario -- La filosofía de Qohelet -- El desafío teológico de Qohelet -- Traducción. Comentario.
520 _a"Esta nueva adición a la exitosa serie Continental Commentary es un tratamiento significativo y fresco de Qoheleth (o Eclesiastés). Un famoso profesor presenta una traducción sorprendentemente nueva de este libro del Antiguo Testamento, a menudo desconcertante. Lohfink también aboga por una interpretación bastante diferente de el libro que uno encuentra en otra parte. En lugar de leer la perspectiva del libro como deprimente, perdida o cínica, destaca los elementos de alegría y equilibrio. El volumen incluye introducción, nueva traducción, comentario, pasajes paralelos, bibliografía e índices"
563 _aPasta dura
630 7 _aBiblia.
_pEclesiastes
_xCrítica, interpretación, etc.
942 _cBK
945 _aJTF-925
999 _c67842
_d67842